| 000 | 00403cam a22001457a 4500 | ||
|---|---|---|---|
| 008 | 180718b1958 xxu||||| |||| 00| 0 eng d | ||
| 082 | _aA99 J334 | ||
| 100 | _aJayakar, M.R. | ||
| 245 |
_aStory of my life _cby M.R. Jayakar |
||
| 260 |
_aBombay _bAsia Pub. House _c1958 |
||
| 300 | _a4v. | ||
| 500 | _av.1.: 1873-1992, 1958, 627p., Rs.25.00 | ||
| 650 | _aIndia - Politics | ||
| 650 | _aJayakar, M.R. 1873 | ||
| 999 |
_c370825 _d370825 |
||